=LDR 00000nam 2200000 4500 =001 INLIS000000000043678 =005 20201214083604 =035 ##$$a 0010-101300000001600 =008 201214################g##########0#ind## =041 ##$$a Ind =082 ##$$a 382.026 =090 ##$$a 343.07, Dep n =245 ##$$a Naskah akademis peraturan perundang-undangan RUU tentang perdagangan internasional /$c Prof. Dr. Sumantoro {at.all}; editor, L. Sumartini, SH. {at.all} =260 ##$$a Jakarta :$b Badan Pembinaan Hukum Nasional Dep. Kehakiman,$c 1999 =300 ##$$a xi, 96 hlm. : $b ilus. ; $c 21 x 14 cm. =650 #4$$a Perdagangan Internasional - Undang-undang Peraturan =850 ##$$a NBPNMAT =084 ##$$a 382.026 NAS n =710 #$$a Badan Pembinaan Hukum Nasional Dep. Kehakiman =990 ##$$a 157.881/Hd-2000